[Event "SVK-chT3B2 1718"]
[Site "Slovakia"]
[Date "2018.02.18"]
[Round "9.6"]
[White "Hudek, Simon"]
[Black "Micek, Marek"]
[Result "0-1"]
[WhiteElo "1432"]
[BlackElo "1324"]
[PlyCount "98"]
[EventDate "2017.10.08"]
[EventType "team-tourn"]
[EventRounds "11"]
[EventCountry "SVK"]
[SourceTitle "EXT 2020"]
[Source "ChessBase"]
[SourceDate "2019.10.17"]
[SourceVersion "1"]
[SourceVersionDate "2019.10.17"]
[SourceQuality "1"]
[WhiteTeam "Povazske Podhradie II"]
[BlackTeam "Belusa"]
[WhiteTeamCountry "SVK"]
[BlackTeamCountry "SVK"]

1. e4 e5 2. Nf3 Nc6 3. Bb5 d6 4. 0-0 Bd7 5. c3 Nf6 6. Re1 Qe7 7. d3 h6 8. Nbd2 0-0-0 9. Nc4 a6 10. Bxc6 Bxc6 11. Na5 Qd7 12. Bd2 b6 13. Nxc6 Qxc6 14. a4 Be7 15. b4 Qb7 16. Qb3 Rhf8 17. c4 Nd7 18. a5 b5 19. cxb5 Qxb5 20. Rec1 Nc5 21. Qc3 Ne6 22. d4 Rd7 23. d5 Nd4 24. Nxd4 exd4 25. Qc6 Kb8 26. Qc2 Bf6 27. Ra3 g5 28. Rh3 Rh8 29. Qd1 Re7 30. Qf3 Bg7 31. Re1 Qd7 32. Qd3 Ka7 33. Qc4 Rhe8 34. Qc2 f5 35. Rb3 Rxe4 36. Qb1 Qb5 37. Rc1 R8e7 38. Qc2 Kb8 39. Rf3 f4 40. Rd3 Qxd5 41. Qa4 Qb5 42. Qb3 Qe5 43. Kf1 g4 44. Qc4 Qb5 45. Qb3 Qh5 46. Kg1 Qe5 47. Kf1 Re2 48. Qc4 f3 49. Qc6 Qxh2 0-1

[Event "SVK-chT3B2 1617"]
[Site "Slovakia"]
[Date "2017.04.02"]
[Round "11.7"]
[White "Micek, Marek"]
[Black "Adamik, Frantisek"]
[Result "1/2-1/2"]
[WhiteElo "1256"]
[BlackElo "1514"]
[PlyCount "56"]
[EventDate "2016.10.16"]
[EventType "team-tourn"]
[EventRounds "11"]
[EventCountry "SVK"]
[SourceTitle "EXT 2020"]
[Source "ChessBase"]
[SourceDate "2019.10.17"]
[SourceVersion "1"]
[SourceVersionDate "2019.10.17"]
[SourceQuality "1"]
[WhiteTeam "Belusa"]
[BlackTeam "Lehota pod Vtacnikom"]
[WhiteTeamCountry "SVK"]
[BlackTeamCountry "SVK"]

1. d4 Nf6 2. Nc3 d5 3. Bg5 e6 4. a3 Be7 5. e3 a6 6. Nf3 Nbd7 7. b4 b6 8. Bd3 c5 9. Rb1 cxb4 10. axb4 b5 11. 0-0 h6 12. Bf4 0-0 13. e4 dxe4 14. Nxe4 Bb7 15. Qe2 Bxe4 16. Bxe4 Nxe4 17. Qxe4 Nf6 18. Qe3 Nd5 19. Qd2 Nxf4 20. Qxf4 Bd6 21. Qe3 a5 22. bxa5 Rxa5 23. Rb3 Qb6 24. c4 Qa6 25. cxb5 Rxb5 26. Qd3 Rfb8 27. Nd2 Qb7 28. Rfb1 Rxb3 1/2-1/2

[Event "SVK-chT3B2 1617"]
[Site "Slovakia"]
[Date "2017.02.19"]
[Round "8.7"]
[White "Micek, Marek"]
[Black "Marko, Zdenko"]
[Result "1/2-1/2"]
[WhiteElo "1264"]
[BlackElo "1463"]
[PlyCount "57"]
[EventDate "2016.10.16"]
[EventType "team-tourn"]
[EventRounds "11"]
[EventCountry "SVK"]
[SourceTitle "EXT 2018"]
[Source "ChessBase"]
[SourceDate "2017.10.13"]
[SourceVersion "1"]
[SourceVersionDate "2017.10.13"]
[SourceQuality "1"]
[WhiteTeam "Belusa"]
[BlackTeam "Chynorany"]
[WhiteTeamCountry "SVK"]
[BlackTeamCountry "SVK"]

1. d4 d5 2. Bf4 e6 3. a3 Nf6 4. Nc3 Nbd7 5. Nb5 Bd6 6. Bxd6 cxd6 7. Nxd6+ Ke7 8. Nxc8+ Rxc8 9. e3 Re8 10. Bd3 Kf8 11. Nf3 Qb6 12. Rb1 e5 13. dxe5 Nxe5 14. Nxe5 Rxe5 15. 0-0 d4 16. exd4 Qxd4 17. h3 Rce8 18. Qf3 Qb6 19. Qf4 g6 20. Qb4+ Qxb4 21. axb4 b6 22. Ra1 R8e7 23. c4 Nh5 24. g3 Rg5 25. Kh2 Rge5 26. Rac1 Rc7 27. Rfe1 Rxe1 28. Rxe1 Nf6 29. b3 1/2-1/2

[Event "SVK-chT3B2 1617"]
[Site "Slovakia"]
[Date "2016.10.16"]
[Round "1.6"]
[White "Micek, Marek"]
[Black "Gazik, Jakub"]
[Result "0-1"]
[WhiteElo "1224"]
[BlackElo "1791"]
[PlyCount "61"]
[EventDate "2016.10.16"]
[EventType "team-tourn"]
[EventRounds "11"]
[EventCountry "SVK"]
[SourceTitle "CBM 175 Extra"]
[Source "ChessBase"]
[SourceDate "2016.12.12"]
[SourceVersion "1"]
[SourceVersionDate "2016.12.12"]
[SourceQuality "1"]
[WhiteTeam "Belusa"]
[BlackTeam "Bojnice"]
[WhiteTeamCountry "SVK"]
[BlackTeamCountry "SVK"]

1. e4 d5 2. exd5 Qxd5 3. Nc3 Qd6 4. d3 Nf6 5. Nf3 a6 6. h3 b5 7. a3 Bb7 8. Be3 Nbd7 9. Be2 Nb6 10. Bxb6 Qxb6 11. 0-0 e6 12. Qd2 Rd8 13. Rab1 Be7 14. Rfd1 0-0 15. Qe3 c5 16. Kh1 Bd6 17. Kg1 Rfe8 18. Ne4 Nd5 19. Qd2 Bf4 20. Qe1 Bb8 21. Nc3 Qc7 22. Nxd5 exd5 23. g3 d4 24. Qd2 Qd7 25. Kg2 Re6 26. Re1 Rde8 27. Kf1 h6 28. Kg2 Qd5 29. Kf1 Qf5 30. Nxd4 Qxh3+ 31. Kg1 0-1